000 00973nam1a22002171i 4500
001 v19\rc\1345381
005 20260406190323.0
035 _a(NLR Aleph) 004492375
090 _a4655799
_c4655799
100 _a20060512d18691915|||y0rusy50 ca
101 0 _arus
102 _aRU
105 _ay z |||||
200 1 _aОтчет Общества вспомоществования приходским бедным при церкви св. Симеона Богоприимца и Анны Пророчицы...
210 _aСанкт-Петербург
_d1869-1915
710 0 2 _aПетербургское церковное св. Симеона Богоприимца и Анны Пророчицы приходское о-во вспомоществования бедным
_3RU\NLR\AUTH\889952199
_9400355
801 0 _aRU
_bNLR
_gpsbo
801 0 _aRU
_bRuMoRGB
_2psbo
801 1 _aRU
_bProSoft-M
_2rusmarc
852 _aNLR (1868-1915*)
_jШифры разные
942 _cBOOK